000 00310nam a22001457a 4500
008 170203b xxu||||| |||| 00| 0 eng d
020 _a0683077414
041 _aeng
080 _a61
082 _23RD
100 _a3
101 _aSHM
245 _aUNDERSTANDING HUMAN BEHAVIOR
_cSIMONS .
942 _2udc
_cBK
999 _c4418
_d4418